000 00469nam a22001577a 4500
005 20251108163337.0
008 250721s1998 xx 000 0 ara d
082 1 4 _a133.5/عاي
100 1 _aالرواجبه، عايده
245 1 0 _aموسوعة الأبراج الميسرة :
_bالأبراج و الحب ... /
264 1 _aبيروت :
_bدار اليوسف،
_c1998.
300 _a370 ص
650 1 7 _aعلم التنجيم
942 _2ddc
_cBK
999 _c289
_d289